| 000 | 01024nam a22002777a 4500 | ||
|---|---|---|---|
| 001 | 10123 | ||
| 003 | FISKH | ||
| 005 | 20260422085712.0 | ||
| 008 | 260422b cb ||||| |||| 00| 0 eng d | ||
| 020 | _a0822502887 | ||
| 040 |
_aFISKH _beng _cFISKH _dFISKH |
||
| 050 | _aPE1595 .H25 | ||
| 082 | _a428.1 | ||
| 100 |
_aHanson, Joan _eAuthor |
||
| 245 |
_aHomographic Homophones : _bFly and fly and other words that look and sound the same but are as different in meaning as bat and bat / _cIllustrated by Joan Hanson |
||
| 260 |
_aMinnesota : _bLerner Publications Company , _c1973 |
||
| 300 |
_a32 unnumbered pages : _bcolor illustrations ; _c19 cm |
||
| 505 | _aJ | ||
| 520 | _aPictures illustrate the difference in meaning in words that look and sound the same but differ in meaning, such as bark and bark and toast and toast. | ||
| 521 | 8 |
_a450
_bLexile AD |
|
| 521 | 8 |
_aJ
_bRaz-Plus |
|
| 650 |
_aEnglish language _vGrammar |
||
| 650 |
_aPicture book _vChildren |
||
| 942 |
_2ddc _cBK _n0 |
||
| 999 |
_c10123 _d10123 |
||